Monde - Les pays sans partis politiques - Statistiques

Statistiques générales
  • Ce quiz a été pris 76 fois
  • Le résultat moyen est 6 sur 11
Statistiques - réponses
Pays % Correct
Vatican
72%
Arabie saoudite
67%
Qatar
64%
Oman
61%
Emirats arabes unis
59%
Koweït
57%
Bahreïn
54%
Nauru
43%
Tuvalu
39%
Palaos
38%
Micronésie
12%
Aucun quiz correspondant
Distribution des résultats
% des personnes avec chaque résultat
Percentile par nombre de réponses
Votre historique - résultats
Vous n’avez pas pris ce quiz